000 00292nam a2200121 a 4500
005 20140414131910.0
008 101011s19uu xx 00 eng d
050 _aER
_bSt6 2004
100 _aBruna, Dick
245 _aA story to tell.
260 _bMethuen Cildren's books.
999 _c111162
_d111162